000 00791cam a2200277 4500
001 1711190
003 NUST - PNEC
005 20170116181110.0
008 710224s1970 enkaf b 001 0 eng
010 _a 70538259
015 _aB70-18157
020 _a0356033376
040 _aDLC
_cLIBRARY
_dDLC
050 0 0 _aTJ1313
_b.H8 1970
082 0 0 _a620.0028 HUM
100 1 _aHume, K. J.
_q(Kenneth John)
245 1 0 _aEngineering metrology
_c[by] K. J. Hume.
250 _a3rd (metric ed.)
260 _aLondon,
_bMacdonald & Co.,
_c1970.
300 _axviii, 360 p., 64 plates.
_billus.
_c22 cm.
350 _a45/-
504 _aBibliography: p. 345-351.
650 _aMechanical engineering
_912877
_xME
906 _a7
_bcbc
_corignew
_d4
_encip
_f19
_gy-gencatlg
942 _2ddc
_cBK
999 _c69088
_d69088